000
00325nam a22001337a 4500
008
170601b xxu||||| |||| 00| 0 eng d
020
_a
9780393019629
041
_a
eng
080
_a
94
100
_a
17
101
_a
SHH
245
_a
THE CRUELE MILES THE HEROIC STORY DOGS IN RACE
_c
SALISBURY.G
942
_2
udc
_c
BK
999
_c
15283
_d
15283